[Event "5MCR_3DW_1L_1S"]
[Site "ČR"]
[Date "2013.??.??"]
[Round "?"]
[White "Zahour, Jiri"]
[Black "Vesely, Emanuel"]
[Result "1/2-1/2"]
[WhiteElo "2377"]
[BlackElo "2196"]
[PlyCount "62"]
[EventDate "2013.??.??"]
[EventType "corr"]

1. e4 c5 2. Nf3 Nc6 3. Bb5 e6 4. O-O Nge7 5. c3 a6 6. Ba4 b5 7. Bc2 Bb7 8. d4
cxd4 9. Nxd4 Ng6 10. Be3 Be7 11. Nxc6 Bxc6 12. Nd2 O-O 13. f4 b4 14. cxb4 Bxb4
15. Nb3 Rc8 16. Rc1 Bb5 17. Rf2 e5 18. g3 exf4 19. gxf4 Re8 20. e5 Qh4 21. a3
Be7 22. Nd4 Bc5 23. Nf5 Qh3 24. Bxc5 Rxc5 25. Nd6 Nxf4 26. Bf5 Qh5 27. Rxf4
Qg5+ 28. Bg4 Qxf4 29. Rxc5 Qe3+ 30. Kg2 Qxc5 31. Nxe8 Qxe5 1/2-1/2

[Event "5MCR_3DW_1L_1S"]
[Site "ČR"]
[Date "2013.??.??"]
[Round "?"]
[White "Zahour, Jiri"]
[Black "Nyvlt, Zdenek"]
[Result "1/2-1/2"]
[WhiteElo "2377"]
[BlackElo "2410"]
[PlyCount "74"]
[EventDate "2013.??.??"]
[EventType "corr"]

1. e4 d6 2. d4 Nf6 3. Nc3 g6 4. Bg5 Bg7 5. Nf3 c6 6. h3 O-O 7. Qd2 b5 8. a3
Nbd7 9. e5 Ne8 10. h4 dxe5 11. dxe5 Nc7 12. O-O-O Ne6 13. Qe3 Rb8 14. h5 Nxg5
15. Qxg5 h6 16. Qg4 Qa5 17. hxg6 Nxe5 18. gxf7+ Rxf7 19. Qg3 b4 20. Nxe5 Qxe5
21. Rd8+ Rf8 22. Bc4+ e6 23. Rxf8+ Kxf8 24. Qxe5 Bxe5 25. axb4 Rxb4 26. Bd3 Bf6
27. g3 Kg7 28. Rh5 Bd7 29. Ra5 Bd4 30. Ne4 Bb6 31. Ra3 Rd4 32. Kd2 c5 33. c3
Ra4 34. Rxa4 Bxa4 35. Bc4 Bd7 36. Ba6 Kf7 37. Ke3 Ke7 1/2-1/2

[Event "5MCR_3DW_1L_1S"]
[Site "ČR"]
[Date "2013.??.??"]
[Round "?"]
[White "Vesely, Emanuel"]
[Black "Nyvlt, Zdenek"]
[Result "1/2-1/2"]
[WhiteElo "2196"]
[BlackElo "2410"]
[PlyCount "61"]
[EventDate "2013.??.??"]
[EventType "corr"]

1. d4 Nf6 2. c4 e6 3. Nf3 b6 4. g3 Ba6 5. b3 Bb4+ 6. Bd2 Be7 7. Bg2 O-O 8. O-O
d5 9. cxd5 exd5 10. Nc3 Bb7 11. Bc1 c5 12. Bb2 Na6 13. Rc1 Re8 14. e3 Bf8 15.
Ne2 Qe7 16. Nf4 Rad8 17. Qe2 Ne4 18. Rfd1 Nc7 19. dxc5 bxc5 20. h4 Ne6 21. Nxe6
Qxe6 22. Ng5 Nxg5 23. hxg5 Qb6 24. Qd3 Re6 25. Qf5 h6 26. Bxd5 Bxd5 27. Rxd5
Rxd5 28. Qxd5 hxg5 29. Be5 Qa6 30. Rc2 Rh6 31. g4 1/2-1/2

[Event "5MCR_3DW_1L_1S"]
[Site "ČR"]
[Date "2013.??.??"]
[Round "?"]
[White "Bultman, Milan"]
[Black "Vesely, Emanuel"]
[Result "1/2-1/2"]
[WhiteElo "2312"]
[BlackElo "2196"]
[PlyCount "71"]
[EventDate "2013.??.??"]
[EventType "corr"]

1. e4 c5 2. Nf3 Nc6 3. d4 cxd4 4. Nxd4 Nf6 5. Nc3 e5 6. Ndb5 d6 7. Bg5 a6 8.
Na3 b5 9. Bxf6 gxf6 10. Nd5 f5 11. c3 Bg7 12. exf5 Bxf5 13. Nc2 O-O 14. Nce3
Be6 15. Bd3 f5 16. O-O Kh8 17. a4 b4 18. cxb4 e4 19. Nf4 Bg8 20. Bxa6 Rxa6 21.
b5 Be5 22. Ne2 Rb6 23. bxc6 f4 24. Ng4 Bg7 25. Rc1 Qg5 26. h3 h5 27. Qxd6 hxg4
28. Rc5 Rd8 29. Rxg5 Rxd6 30. Rh5+ Bh7 31. Nxf4 Rbxc6 32. hxg4 Bxb2 33. a5 Rd2
34. Kh2 Kg7 35. Kh3 Bg6 36. Rg5 1/2-1/2

[Event "5MCR_3DW_1L_1S"]
[Site "ČR"]
[Date "2013.??.??"]
[Round "?"]
[White "Zahour, Jiri"]
[Black "Vozda, Jindrich"]
[Result "1/2-1/2"]
[WhiteElo "2377"]
[BlackElo "2435"]
[PlyCount "38"]
[EventDate "2013.??.??"]
[EventType "corr"]

1. e4 e5 2. Nf3 Nc6 3. d4 exd4 4. Nxd4 Nf6 5. Nxc6 bxc6 6. Bd3 d5 7. exd5 cxd5
8. O-O Be7 9. Nc3 O-O 10. Bf4 c5 11. b3 Bg4 12. Qd2 d4 13. Ne4 Nd5 14. Rae1 Be6
15. Bg5 f6 16. Ng3 Bf7 17. Bh6 Re8 18. Bxh7+ Kxh7 19. Bxg7 Kxg7 1/2-1/2

[Event "5MCR_3DW_1L_1S"]
[Site "ČR"]
[Date "2013.??.??"]
[Round "?"]
[White "Vesely, Emanuel"]
[Black "Zahour, Jiri"]
[Result "1-0"]
[WhiteElo "2196"]
[BlackElo "2377"]
[PlyCount "141"]
[EventDate "2013.??.??"]
[EventType "corr"]

1. d4 Nf6 2. c4 e6 3. Nc3 Bb4 4. Qc2 O-O 5. Nf3 c5 6. dxc5 Na6 7. g3 Nxc5 8.
Bg2 Nce4 9. O-O Nxc3 10. bxc3 Be7 11. e4 d6 12. e5 dxe5 13. Nxe5 Qc7 14. Qe2
Bd6 15. Bf4 Ne8 16. c5 Qxc5 17. c4 Be7 18. a4 Nd6 19. Rfc1 Rd8 20. a5 a6 21.
Nd3 Qf5 22. Be5 Bf8 23. Bd4 e5 24. Nxe5 Be6 25. Bb6 Re8 26. c5 Bd5 27. g4 Qf4
28. Bxd5 Rxe5 29. Qf3 Qxf3 30. Bxf3 Ne4 31. c6 bxc6 32. Rxc6 Nd2 33. Bd1 Re1+
34. Kg2 h6 35. Rac1 Rae8 36. R6c3 Ne4 37. Rd3 Ng5 38. Rd7 Ne6 39. Rc4 g6 40.
Bf3 g5 41. Bd5 Re7 42. Rxe7 Bxe7 43. Be3 Rd1 44. Rc8+ Kg7 45. Bxe6 fxe6 46. Ra8
Rd5 47. Rxa6 Bc5 48. Bxc5 Rxc5 49. Ra8 Kf6 50. a6 Ke5 51. a7 Ra5 52. f3 Ra1 53.
Kf2 Ra2+ 54. Kg3 Ra1 55. h4 Rg1+ 56. Kf2 Ra1 57. h5 Ra2+ 58. Kg3 Ra3 59. Rh8
Rxa7 60. Rxh6 Rg7 61. Rh8 Kf6 62. f4 gxf4+ 63. Kxf4 e5+ 64. Kg3 Re7 65. Rh6+
Kg7 66. Rg6+ Kh8 67. Kf3 e4+ 68. Ke3 Kh7 69. Rf6 Re8 70. Rf4 Re6 71. Rxe4 1-0

[Event "5MCR_3DW_1L_1S"]
[Site "ČR"]
[Date "2013.??.??"]
[Round "?"]
[White "Vesely, Emanuel"]
[Black "Bultman, Milan"]
[Result "1/2-1/2"]
[WhiteElo "2196"]
[BlackElo "2312"]
[PlyCount "66"]
[EventDate "2013.??.??"]
[EventType "corr"]

1. e4 c5 2. Nf3 d6 3. d4 cxd4 4. Nxd4 Nf6 5. Nc3 e6 6. Be3 a6 7. f3 b5 8. Qd2
b4 9. Na4 Nbd7 10. Bc4 Ne5 11. Bb3 Rb8 12. O-O Bd7 13. a3 bxa3 14. Rxa3 d5 15.
Bf4 Bxa3 16. bxa3 Rxb3 17. cxb3 Ng6 18. e5 Nh5 19. Bg5 f6 20. exf6 gxf6 21. Bh6
e5 22. Ne2 Ne7 23. Nc5 Rg8 24. Rc1 Bh3 25. g3 Qb6 26. b4 Rg6 27. Be3 d4 28. Bf2
Bc8 29. a4 Ng7 30. a5 Qb8 31. Bxd4 exd4 32. Nf4 Rh6 33. Re1 Ngf5 1/2-1/2

[Event "5MCR_3DW_1L_1S"]
[Site "ČR"]
[Date "2013.??.??"]
[Round "?"]
[White "Zahour, Jiri"]
[Black "Canibal, Jaromir"]
[Result "1/2-1/2"]
[WhiteElo "2377"]
[BlackElo "2380"]
[PlyCount "54"]
[EventDate "2013.??.??"]
[EventType "corr"]

1. e4 g6 2. d4 Bg7 3. Nc3 d6 4. Bg5 a6 5. Nf3 b5 6. a4 b4 7. Nd5 a5 8. e5 h6 9.
Bf4 dxe5 10. Bxe5 Bxe5 11. dxe5 Bb7 12. Ne3 Qxd1+ 13. Rxd1 Bxf3 14. gxf3 e6 15.
f4 Ne7 16. h4 h5 17. Bg2 c6 18. Ke2 Nd5 19. Nxd5 cxd5 20. c4 bxc3 21. bxc3 Ra7
22. c4 dxc4 23. Rd4 Rc7 24. Rc1 Nd7 25. Rdxc4 Rxc4 26. Rxc4 O-O 27. Rc7 Nb6
1/2-1/2

[Event "5MCR_3DW_1L_1S"]
[Site "ČR"]
[Date "2013.??.??"]
[Round "?"]
[White "Zahour, Jiri"]
[Black "Pecka, Josef"]
[Result "1/2-1/2"]
[WhiteElo "2377"]
[BlackElo "2396"]
[PlyCount "53"]
[EventDate "2013.??.??"]
[EventType "corr"]

1. e4 c5 2. Nf3 d6 3. d4 cxd4 4. Qxd4 Nc6 5. Bb5 Bd7 6. Qd3 Nf6 7. Nc3 a6 8.
Bxc6 Bxc6 9. O-O e6 10. Bf4 b5 11. a3 Be7 12. Rfd1 O-O 13. Bxd6 Bxd6 14. Qxd6
Qxd6 15. Rxd6 Bxe4 16. Nxe4 Nxe4 17. Rd4 Nc5 18. b4 Na4 19. c4 f6 20. c5 a5 21.
Re1 e5 22. Rd7 axb4 23. axb4 Rfd8 24. Rb7 Nc3 25. g3 Rdb8 26. Rd7 Rd8 27. Rb7
1/2-1/2

[Event "5MCR_3DW_1L_1S"]
[Site "ČR"]
[Date "2013.??.??"]
[Round "?"]
[White "Mudra, Oldrich"]
[Black "Vesely, Emanuel"]
[Result "1/2-1/2"]
[WhiteElo "2137"]
[BlackElo "2196"]
[PlyCount "68"]
[EventDate "2013.??.??"]
[EventType "corr"]

1. d4 Nf6 2. c4 e6 3. Nf3 b6 4. g3 Ba6 5. b3 Bb7 6. Bg2 Bb4+ 7. Bd2 Bxd2+ 8.
Qxd2 O-O 9. O-O d6 10. Nc3 Nbd7 11. Qd3 Re8 12. Rfe1 d5 13. Rac1 Qe7 14. cxd5
exd5 15. Nb5 c6 16. Nc7 Nc5 17. Rxc5 Qxc7 18. Rc2 Qd6 19. Rec1 Rac8 20. Ne5 c5
21. Qf5 Rcd8 22. e3 Ba6 23. Qf4 Qe6 24. Nf3 Bd3 25. Rd2 c4 26. Ne5 Rc8 27. bxc4
Bxc4 28. h4 b5 29. Kh2 Qe7 30. Rdc2 a6 31. Qf5 g6 32. Qf4 Kg7 33. Bf3 h6 34.
Bg2 Nh5 1/2-1/2

[Event "5MCR_3DW_1L_1S"]
[Site "ČR"]
[Date "2013.??.??"]
[Round "?"]
[White "Vozda, Jindrich"]
[Black "Nyvlt, Zdenek"]
[Result "1/2-1/2"]
[WhiteElo "2435"]
[BlackElo "2410"]
[PlyCount "44"]
[EventDate "2013.??.??"]
[EventType "corr"]

1. e4 d6 2. d4 Nf6 3. Nc3 g6 4. f4 Bg7 5. Nf3 O-O 6. Bd3 Nc6 7. e5 dxe5 8. fxe5
Nh5 9. Be3 Bg4 10. Be2 f6 11. exf6 exf6 12. O-O Re8 13. Qd2 Ne7 14. Bc4+ Kh8
15. Nh4 Nc6 16. d5 Ne5 17. Bb5 Bd7 18. Be2 Bg4 19. Bb5 Bd7 20. Be2 Bg4 21. Bb5
Bd7 22. Be2 Bg4 1/2-1/2

[Event "5MCR_3DW_1L_1S"]
[Site "ČR"]
[Date "2013.??.??"]
[Round "?"]
[White "Nyvlt, Zdenek"]
[Black "Zahour, Jiri"]
[Result "1-0"]
[WhiteElo "2410"]
[BlackElo "2377"]
[PlyCount "125"]
[EventDate "2013.??.??"]
[EventType "corr"]

1. d4 Nf6 2. c4 e6 3. g3 c5 4. d5 exd5 5. cxd5 d6 6. Nc3 g6 7. Bg2 Bg7 8. Nf3
O-O 9. O-O Re8 10. Bf4 Bf5 11. Re1 Na6 12. Nd2 Nh5 13. e4 Nxf4 14. gxf4 Bc8 15.
Nc4 Bxc3 16. bxc3 b5 17. Nd2 Rb8 18. Qf3 Nc7 19. Qg3 Re7 20. f5 Ne8 21. h4 b4
22. Rab1 a5 23. a3 Reb7 24. fxg6 hxg6 25. cxb4 axb4 26. Rb3 bxa3 27. Rxa3 Ng7
28. Nc4 Nh5 29. Qg5 Qf8 30. Kh2 Rb4 31. Rc1 Rb3 32. Rca1 Rxa3 33. Rxa3 Rb4 34.
Bf1 Bb7 35. Be2 Kh7 36. Ra7 Qb8 37. Ra3 Qf8 38. Kg2 Kg7 39. Bxh5 Rxc4 40. Rf3
Qe8 41. Qf6+ Kh6 42. Rb3 Qe5 43. Qxf7 gxh5 44. Qf8+ Qg7+ 45. Qxg7+ Kxg7 46.
Rxb7+ Kf6 47. Kf3 Ke5 48. Re7+ Kd4 49. Re6 Ra4 50. Rxd6 Ra7 51. Rf6 c4 52. d6
Ke5 53. Rf5+ Kxd6 54. Ke3 Ra3+ 55. Kd4 c3 56. Kd3 Ke6 57. f4 c2+ 58. Kxc2 Ra2+
59. Kb3 Rg2 60. Rxh5 Rg4 61. Re5+ Kd6 62. Rf5 Rxh4 63. Rf6+ 1-0

[Event "5MCR_3DW_1L_1S"]
[Site "ČR"]
[Date "2013.??.??"]
[Round "?"]
[White "Nyvlt, Zdenek"]
[Black "Vozda, Jindrich"]
[Result "1/2-1/2"]
[WhiteElo "2410"]
[BlackElo "2435"]
[PlyCount "48"]
[EventDate "2013.??.??"]
[EventType "corr"]

1. d4 Nf6 2. c4 e6 3. g3 Bb4+ 4. Bd2 Be7 5. Bg2 d5 6. Nf3 O-O 7. O-O c6 8. Qc2
b6 9. Nc3 Bb7 10. b3 dxc4 11. bxc4 c5 12. dxc5 Bxc5 13. Rad1 Qe7 14. Na4 Nbd7
15. Nxc5 Nxc5 16. Bb4 Rfc8 17. Ba3 h6 18. Ne5 Bxg2 19. Kxg2 Qc7 20. Bb2 Rd8 21.
f3 Rac8 22. Rxd8+ Rxd8 23. Rd1 Rc8 24. Rd2 Rd8 1/2-1/2

[Event "5MCR_3DW_1L_1S"]
[Site "ČR"]
[Date "2013.??.??"]
[Round "?"]
[White "Vozda, Jindrich"]
[Black "Pecka, Josef"]
[Result "1/2-1/2"]
[WhiteElo "2435"]
[BlackElo "2396"]
[PlyCount "37"]
[EventDate "2013.??.??"]
[EventType "corr"]

1. e4 e5 2. Nf3 Nf6 3. Nc3 Nc6 4. Bb5 Nd4 5. Nxd4 exd4 6. e5 dxc3 7. exf6 Qxf6
8. dxc3 Bc5 9. Qe2+ Qe6 10. O-O Qxe2 11. Bxe2 d6 12. Bf3 Rb8 13. b4 Bb6 14. a4
a5 15. Rb1 O-O 16. Be3 Bxe3 17. fxe3 Ra8 18. Bd5 c6 19. Bb3 1/2-1/2

[Event "5MCR_3DW_1L_1S"]
[Site "ČR"]
[Date "2013.??.??"]
[Round "?"]
[White "Canibal, Jaromir"]
[Black "Nyvlt, Zdenek"]
[Result "1/2-1/2"]
[WhiteElo "2380"]
[BlackElo "2410"]
[PlyCount "55"]
[EventDate "2013.??.??"]
[EventType "corr"]

1. e4 d6 2. d4 Nf6 3. Qd3 Nbd7 4. Nf3 e5 5. Nc3 c6 6. Be2 Be7 7. a4 O-O 8. O-O
Re8 9. a5 h6 10. Be3 exd4 11. Qxd4 Bf8 12. h3 Nc5 13. Nd2 Ne6 14. Qd3 Nc7 15.
Rfd1 d5 16. Bf3 Be6 17. Ne2 Nxe4 18. Nxe4 Bf5 19. Qb3 Bxe4 20. Bxe4 Rxe4 21.
Qxb7 c5 22. Nf4 Re5 23. Nxd5 Nxd5 24. c4 Rb8 25. Rxd5 Rxd5 26. Qxd5 Qxd5 27.
cxd5 Rxb2 28. Rc1 1/2-1/2

[Event "5MCR_3DW_1L_1S"]
[Site "ČR"]
[Date "2013.??.??"]
[Round "?"]
[White "Vesely, Emanuel"]
[Black "Canibal, Jaromir"]
[Result "1/2-1/2"]
[WhiteElo "2196"]
[BlackElo "2380"]
[PlyCount "61"]
[EventDate "2013.??.??"]
[EventType "corr"]

1. e4 e5 2. Nf3 Nf6 3. Nxe5 d6 4. Nf3 Nxe4 5. d4 d5 6. Bd3 Nc6 7. O-O Be7 8. c4
Nf6 9. h3 Nb4 10. Be2 dxc4 11. Bxc4 O-O 12. Nc3 c6 13. Re1 Nbd5 14. Qb3 Nb6 15.
Bd3 Be6 16. Qc2 h6 17. Bd2 Nbd5 18. a3 Qc7 19. Ne5 Rfe8 20. Na4 Rad8 21. Nc5
Bd6 22. Nxe6 Rxe6 23. Nf3 Rde8 24. Rxe6 Rxe6 25. Re1 Rxe1+ 26. Bxe1 Nf4 27. Bf1
Qd7 28. Qa4 a6 29. Qb3 N6d5 30. Ba5 g5 31. Bd2 1/2-1/2

[Event "5MCR_3DW_1L_1S"]
[Site "ČR"]
[Date "2013.??.??"]
[Round "?"]
[White "Pecka, Josef"]
[Black "Bultman, Milan"]
[Result "1/2-1/2"]
[WhiteElo "2396"]
[BlackElo "2312"]
[PlyCount "58"]
[EventDate "2013.??.??"]
[EventType "corr"]

1. e4 c5 2. Nf3 d6 3. d4 cxd4 4. Nxd4 Nf6 5. Nc3 e6 6. Be3 a6 7. f3 b5 8. Qd2
b4 9. Na4 Nbd7 10. c4 bxc3 11. Nxc3 Bb7 12. Be2 Be7 13. O-O O-O 14. Rac1 Qb8
15. Rfd1 d5 16. exd5 Nxd5 17. Nxd5 Bxd5 18. Nc6 Bxc6 19. Rxc6 Nf6 20. Bd4 Nd5
21. g3 Rd8 22. f4 Nb4 23. Rb6 Qxb6 24. Bxb6 Rxd2 25. Rxd2 Nxa2 26. Rd7 Bf6 27.
f5 Nb4 28. fxe6 fxe6 29. Bg4 Re8 1/2-1/2

[Event "5MCR_3DW_1L_1S"]
[Site "ČR"]
[Date "2013.??.??"]
[Round "?"]
[White "Pecka, Josef"]
[Black "Zahour, Jiri"]
[Result "1-0"]
[WhiteElo "2396"]
[BlackElo "2377"]
[PlyCount "93"]
[EventDate "2013.??.??"]
[EventType "corr"]

1. e4 e5 2. Nf3 Nc6 3. Bb5 a6 4. Ba4 Nf6 5. O-O Be7 6. Re1 b5 7. Bb3 d6 8. c3
O-O 9. h3 Nb8 10. d4 Nbd7 11. Nbd2 Bb7 12. Bc2 Re8 13. Nf1 Bf8 14. Ng3 g6 15.
Bg5 h6 16. Bd2 Bg7 17. a4 c5 18. d5 c4 19. Qc1 Kh7 20. Be3 Qc7 21. Qd2 Nc5 22.
Kh2 Nfd7 23. Nh4 Rg8 24. Nhf5 gxf5 25. Nxf5 Bf8 26. axb5 Rg6 27. bxa6 Rxa6 28.
Nh4 Rf6 29. g4 Qb6 30. Rxa6 Bxa6 31. Qe2 Qd8 32. Rg1 Nd3 33. b4 Nf4 34. Qd2 Bc8
35. Ra1 Kg8 36. Ra7 Nb6 37. f3 Ng6 38. Nf5 Nf4 39. Qf2 Nfxd5 40. exd5 Nxd5 41.
Be4 Nxc3 42. Bc6 Bxf5 43. gxf5 Rxf5 44. Bd2 d5 45. Bxc3 d4 46. Be4 Qb6 47. Ra8
1-0

[Event "5MCR_3DW_1L_1S"]
[Site "ČR"]
[Date "2013.??.??"]
[Round "?"]
[White "Bultman, Milan"]
[Black "Nyvlt, Zdenek"]
[Result "1/2-1/2"]
[WhiteElo "2312"]
[BlackElo "2410"]
[PlyCount "65"]
[EventDate "2013.??.??"]
[EventType "corr"]

1. e4 d6 2. d4 Nf6 3. Bd3 g6 4. c3 Bg7 5. h3 O-O 6. Nf3 c5 7. O-O Qc7 8. Re1 a6
9. Bg5 e6 10. e5 Nd5 11. Be4 Nc6 12. exd6 Qxd6 13. dxc5 Qxc5 14. Nbd2 Qb6 15.
Qc2 h6 16. Bxd5 exd5 17. Be3 d4 18. Nc4 Qb5 19. cxd4 Bf5 20. Qc1 Be6 21. Nce5
Rac8 22. Nxc6 Rxc6 23. Qd2 Kh7 24. b3 Qd5 25. Kh2 Qf5 26. Rac1 Bd5 27. Ne5 Rxc1
28. Rxc1 Rd8 29. Nd3 Bc6 30. Nb4 Be4 31. f3 Bb1 32. Rf1 Bf8 33. Kg1 1/2-1/2

[Event "5MCR_3DW_1L_1S"]
[Site "ČR"]
[Date "2013.??.??"]
[Round "?"]
[White "Canibal, Jaromir"]
[Black "Bultman, Milan"]
[Result "1/2-1/2"]
[WhiteElo "2380"]
[BlackElo "2312"]
[PlyCount "53"]
[EventDate "2013.??.??"]
[EventType "corr"]

1. e4 c5 2. Ne2 Nf6 3. Nbc3 e6 4. g3 d5 5. exd5 exd5 6. d4 Nc6 7. Bg2 cxd4 8.
Nxd4 Bg4 9. Qd3 Bc5 10. Qe3+ Ne7 11. O-O O-O 12. Qd3 Bxd4 13. Qxd4 Nc6 14. Qc5
d4 15. Nb5 Nd7 16. Qd6 Be2 17. Nxd4 Nxd4 18. Qxd4 Bxf1 19. Kxf1 Rc8 20. c3 Nc5
21. Be3 b6 22. Bd5 Qd7 23. Rd1 Qh3+ 24. Kg1 Rcd8 25. Rd2 Rfe8 26. Qf4 Ne6 27.
Qa4 1/2-1/2

[Event "5MCR_3DW_1L_1S"]
[Site "ČR"]
[Date "2013.??.??"]
[Round "?"]
[White "Pecka, Josef"]
[Black "Nyvlt, Zdenek"]
[Result "1/2-1/2"]
[WhiteElo "2396"]
[BlackElo "2410"]
[PlyCount "58"]
[EventDate "2013.??.??"]
[EventType "corr"]

1. e4 d6 2. d4 Nf6 3. Nc3 g6 4. Be3 a6 5. h3 Bg7 6. f4 O-O 7. Nf3 e6 8. e5 Nd5
9. Nxd5 exd5 10. Qd2 Bf5 11. O-O-O Qd7 12. Bd3 Bxd3 13. Qxd3 Re8 14. g4 Qb5 15.
Qd2 Nc6 16. h4 Qa5 17. Qxa5 Nxa5 18. Rde1 dxe5 19. fxe5 Nc4 20. Bf4 Rac8 21. b3
Nb6 22. Kb2 c5 23. c3 cxd4 24. cxd4 Na8 25. h5 Nc7 26. Be3 Ne6 27. Nh4 Rc7 28.
Rc1 Rxc1 29. Kxc1 Rc8+ 1/2-1/2

[Event "5MCR_3DW_1L_1S"]
[Site "ČR"]
[Date "2013.??.??"]
[Round "?"]
[White "Pecka, Josef"]
[Black "Mudra, Oldrich"]
[Result "1-0"]
[WhiteElo "2396"]
[BlackElo "2137"]
[PlyCount "77"]
[EventDate "2013.??.??"]
[EventType "corr"]

1. e4 e5 2. Nf3 Nf6 3. d4 Nxe4 4. Bd3 d5 5. dxe5 Nc6 6. O-O Be7 7. Nc3 Nxc3 8.
bxc3 O-O 9. Re1 f6 10. e6 f5 11. Bf4 Bf6 12. Qd2 Qe7 13. Rab1 g6 14. Bg5 Re8
15. c4 d4 16. Qf4 Kg7 17. Bxf6+ Qxf6 18. h4 Re7 19. h5 Rb8 20. h6+ Kf8 21. Be4
Nd8 22. Bd5 Nxe6 23. Bxe6 Bxe6 24. Ng5 Bg8 25. Rxe7 Qxe7 26. Qxd4 Rd8 27. Qh8
Rd7 28. Nf3 c5 29. Re1 Qd8 30. Re5 Re7 31. Rd5 Qb6 32. Ne5 Qc7 33. f4 a6 34.
Qf6+ Ke8 35. Rd6 Rxe5 36. fxe5 Qe7 37. Qh8 Qf7 38. e6 Qf8 39. Rb6 1-0

[Event "5MCR_3DW_1L_1S"]
[Site "ČR"]
[Date "2013.??.??"]
[Round "?"]
[White "Bultman, Milan"]
[Black "Zahour, Jiri"]
[Result "1/2-1/2"]
[WhiteElo "2312"]
[BlackElo "2377"]
[PlyCount "101"]
[EventDate "2013.??.??"]
[EventType "corr"]

1. e4 e5 2. Nf3 Nc6 3. Bb5 a6 4. Bxc6 dxc6 5. O-O f6 6. d4 Bg4 7. dxe5 Qxd1 8.
Rxd1 fxe5 9. Rd3 Bd6 10. Bg5 h6 11. Bh4 Nf6 12. Nbd2 O-O-O 13. h3 Be6 14. Bg3
Nd7 15. Re1 Rhe8 16. Nf1 Bg8 17. Rdd1 Bh7 18. Re3 Nf6 19. Rde1 b5 20. R3e2 Kb7
21. Bh2 Nd7 22. Re3 a5 23. a3 Nb6 24. Rb1 a4 25. Ree1 Re7 26. Re2 Rf8 27. Ne1
c5 28. Kh1 c4 29. f3 Bg8 30. c3 h5 31. Bg1 Be6 32. h4 Nd7 33. Be3 Ref7 34. Rd1
Be7 35. g3 Bh3 36. Red2 Bd6 37. Nh2 Rf6 38. Nc2 Rg6 39. Rg1 Nc5 40. Nb4 Be6 41.
Rgg2 Rgf6 42. Rg1 Nb3 43. Rdd1 Rg6 44. Rg2 Be7 45. g4 hxg4 46. h5 Rgf6 47. fxg4
R6f7 48. g5 Bc5 49. g6 Rf6 50. Bg5 Rf2 51. Rdg1 1/2-1/2

[Event "5MCR_3DW_1L_1S"]
[Site "ČR"]
[Date "2013.??.??"]
[Round "?"]
[White "Zahour, Jiri"]
[Black "Bultman, Milan"]
[Result "1/2-1/2"]
[WhiteElo "2377"]
[BlackElo "2312"]
[PlyCount "108"]
[EventDate "2013.??.??"]
[EventType "corr"]

1. e4 c5 2. Nf3 d6 3. d4 cxd4 4. Nxd4 Nf6 5. Nc3 e6 6. g4 h6 7. h3 a6 8. Bg2
Nc6 9. Nxc6 bxc6 10. e5 Nd5 11. exd6 Bxd6 12. Ne4 O-O 13. Nxd6 Qxd6 14. O-O Qc7
15. c4 Ne7 16. Qd3 e5 17. f4 Rd8 18. Qe2 exf4 19. Bxf4 Qb7 20. Rae1 Ng6 21. Bg3
Be6 22. b3 a5 23. Be4 Nf8 24. Qf3 Rac8 25. Rd1 Rxd1 26. Rxd1 a4 27. Kh2 Qb6 28.
Rd3 axb3 29. axb3 Ra8 30. Qf2 Qb7 31. Qg2 Rc8 32. Qd2 Ra8 33. Rd8 Bd7 34. Rxa8
Qxa8 35. Bg2 Qc8 36. b4 Ne6 37. Qd3 Qe8 38. Qd6 Ng5 39. Qb8 Qxb8 40. Bxb8 Kf8
41. Kg3 Ke7 42. Kf2 Kd8 43. h4 Ne6 44. Bd6 Kc8 45. Be4 Kb7 46. Ke3 Kc8 47. Bf5
Kb7 48. Be5 Kc8 49. Kd3 f6 50. Bd6 Kb7 51. Ke4 Kb6 52. h5 Kb7 53. Ke3 Kb6 54.
c5+ Kb5 1/2-1/2

[Event "5MCR_3DW_1L_1S"]
[Site "ČR"]
[Date "2013.??.??"]
[Round "?"]
[White "Nyvlt, Zdenek"]
[Black "Vesely, Emanuel"]
[Result "1/2-1/2"]
[WhiteElo "2410"]
[BlackElo "2196"]
[PlyCount "127"]
[EventDate "2013.??.??"]
[EventType "corr"]

1. d4 Nf6 2. c4 e6 3. g3 d5 4. Nf3 Be7 5. Bg2 O-O 6. O-O dxc4 7. Qc2 a6 8. Qxc4
b5 9. Qc2 Bb7 10. Bd2 Be4 11. Qc1 Bb7 12. a3 h6 13. Rd1 Bd6 14. Nc3 Nbd7 15. b4
Nb6 16. Qc2 Nc4 17. e4 Nd7 18. Bc1 Qc8 19. Ne1 Rd8 20. Nd3 e5 21. Nc5 Ndb6 22.
dxe5 Bxe5 23. Bf4 Rxd1+ 24. Rxd1 Nxa3 25. Qc1 Nac4 26. Bxe5 Nxe5 27. h3 Ned7
28. Nxb7 Qxb7 29. e5 c6 30. e6 fxe6 31. Rd6 Ne5 32. Qe1 Nbc4 33. Rxe6 Qc7 34.
Qe4 Rd8 35. Kh2 Qf7 36. Rxe5 Nxe5 37. Qxe5 Qxf2 38. Qe6+ Kh8 39. Ne4 Qf8 40.
Nc5 Qd6 41. Qe4 Qd4 42. Qg6 Qf6 43. Qc2 Qe5 44. Nxa6 h5 45. Qe4 Qxe4 46. Bxe4
Rd6 47. Bf3 Rd2+ 48. Kg1 Ra2 49. Nb8 Ra1+ 50. Kf2 Ra2+ 51. Ke3 Ra3+ 52. Kf4 Rc3
53. Na6 g5+ 54. Ke4 h4 55. gxh4 gxh4 56. Bg4 Rc4+ 57. Kf5 Kg7 58. Kg5 Kf7 59.
Kxh4 Kf6 60. Kg3 c5 61. Nxc5 Rxb4 62. Kf3 Rc4 63. Nd7+ Kg5 64. Ne5 1/2-1/2

[Event "5MCR_3DW_1L_1S"]
[Site "ČR"]
[Date "2013.??.??"]
[Round "?"]
[White "Bultman, Milan"]
[Black "Canibal, Jaromir"]
[Result "1/2-1/2"]
[WhiteElo "2312"]
[BlackElo "2380"]
[PlyCount "51"]
[EventDate "2013.??.??"]
[EventType "corr"]

1. e4 e5 2. Nf3 Nf6 3. Nxe5 d6 4. Nf3 Nxe4 5. d4 d5 6. Bd3 Nc6 7. O-O Be7 8.
Re1 Bg4 9. c3 f5 10. Qb3 O-O 11. Nbd2 Na5 12. Qa4 Nc6 13. Bb5 Nxd2 14. Nxd2 f4
15. Bxc6 bxc6 16. Qxc6 Rf6 17. Qb5 Rb8 18. Qf1 Bd6 19. f3 Bf5 20. Qf2 Rh6 21.
Nf1 a5 22. b3 Bd3 23. Rd1 Ba6 24. Re1 Qd7 25. Qc2 Rc8 26. Kh1 1/2-1/2

[Event "5MCR_3DW_1L_1S"]
[Site "ČR"]
[Date "2013.??.??"]
[Round "?"]
[White "Vozda, Jindrich"]
[Black "Vesely, Emanuel"]
[Result "1/2-1/2"]
[WhiteElo "2435"]
[BlackElo "2196"]
[PlyCount "70"]
[EventDate "2013.??.??"]
[EventType "corr"]

1. e4 c5 2. Nf3 Nc6 3. d4 cxd4 4. Nxd4 Nf6 5. Nc3 e5 6. Ndb5 d6 7. Bg5 a6 8.
Na3 b5 9. Bxf6 gxf6 10. Nd5 f5 11. c3 Bg7 12. exf5 Bxf5 13. Nc2 O-O 14. Nce3
Be6 15. Bd3 f5 16. O-O Kh8 17. Qh5 e4 18. Bc2 Ne7 19. Rad1 Bf7 20. Qh3 Nxd5 21.
Nxd5 Qg5 22. Qe3 Qh4 23. g3 Qg4 24. Rd2 Bxd5 25. Rxd5 Rae8 26. Bd1 Qg6 27. Kh1
Be5 28. Rg1 f4 29. gxf4 Bxf4 30. Qa7 Rf7 31. Rxg6 Rxa7 32. Rg1 Rg7 33. Rxg7
Kxg7 34. Kg2 h6 35. Bg4 Bc1 1/2-1/2

[Event "5MCR_3DW_1L_1S"]
[Site "ČR"]
[Date "2013.??.??"]
[Round "?"]
[White "Nyvlt, Zdenek"]
[Black "Canibal, Jaromir"]
[Result "1/2-1/2"]
[WhiteElo "2410"]
[BlackElo "2380"]
[PlyCount "58"]
[EventDate "2013.??.??"]
[EventType "corr"]

1. d4 d6 2. e4 c5 3. d5 Nf6 4. Nc3 g6 5. Nf3 Bg7 6. Bb5+ Bd7 7. a4 O-O 8. O-O
Na6 9. Re1 Bxb5 10. Nxb5 Nc7 11. Qd3 Nxb5 12. axb5 Nd7 13. Ra2 a6 14. bxa6 Qb6
15. Bg5 Rfe8 16. Rea1 Rxa6 17. Nd2 Rxa2 18. Rxa2 Ne5 19. Qe2 e6 20. dxe6 fxe6
21. Bf4 Nf7 22. h4 Rd8 23. c3 d5 24. exd5 exd5 25. Nf3 d4 26. cxd4 cxd4 27. Qd3
Qc5 28. Ra3 b5 29. Qe4 d3 1/2-1/2

[Event "5MCR_3DW_1L_1S"]
[Site "ČR"]
[Date "2013.??.??"]
[Round "?"]
[White "Vozda, Jindrich"]
[Black "Zahour, Jiri"]
[Result "1/2-1/2"]
[WhiteElo "2435"]
[BlackElo "2377"]
[PlyCount "75"]
[EventDate "2013.??.??"]
[EventType "corr"]

1. e4 e5 2. Nf3 Nc6 3. Bb5 a6 4. Ba4 Nf6 5. O-O Be7 6. Re1 b5 7. Bb3 d6 8. c3
O-O 9. h3 Nb8 10. d4 Nbd7 11. Nbd2 Bb7 12. Bc2 Re8 13. Nf1 Bf8 14. Ng3 g6 15.
a4 c5 16. d5 c4 17. Bg5 Bg7 18. Qd2 Nc5 19. Nh2 Qc7 20. Bh6 Bxh6 21. Qxh6 Qe7
22. f4 Qf8 23. Qg5 Nfd7 24. f5 Qe7 25. Qe3 Qh4 26. Ng4 Kg7 27. Rf1 f6 28. Rf2
Qg5 29. fxg6 hxg6 30. Qe1 Rf8 31. Rf3 Kh8 32. Nf1 f5 33. Nf2 f4 34. Nd2 Kg7 35.
b4 cxb3 36. Bxb3 Nb6 37. axb5 axb5 38. c4 1/2-1/2